কৃষি পঞ্জিকা ১৩৯১ / (Record no. 6204)

MARC details
000 -LEADER
fixed length control field 00670nam a22001817a 4500
001 - CONTROL NUMBER
control field BD-DhSAU 6204
003 - CONTROL NUMBER IDENTIFIER
control field BD-DhSAU
005 - DATE AND TIME OF LATEST TRANSACTION
control field 20150503113631.0
008 - FIXED-LENGTH DATA ELEMENTS--GENERAL INFORMATION
fixed length control field 150503b1984 bg a||||r|||| 000 0 ben d
040 ## - CATALOGING SOURCE
Original cataloging agency BD-DhSAU
082 ## - DEWEY DECIMAL CLASSIFICATION NUMBER
Edition number 22
Classification number ৬৩০.২০২
Item number কৃষিপ
110 ## - MAIN ENTRY--CORPORATE NAME
Corporate name or jurisdiction name as entry element কৃষি তথ্য সংস্থা
245 ## - TITLE STATEMENT
Title কৃষি পঞ্জিকা ১৩৯১ /
260 ## - PUBLICATION, DISTRIBUTION, ETC. (IMPRINT)
Place of publication, distribution, etc. ঢাকা :
Name of publisher, distributor, etc. বাংলাদেশ কৃষি উন্নয়ন করপোরেশন,
Date of publication, distribution, etc. ১৯৮৫
300 ## - PHYSICAL DESCRIPTION
Extent ১৬০ পৃ. :
Other physical details চিত্র ;
Dimensions ১৮ সেমি
590 ## - Name of Cataloguer
Name of Cataloger joy
650 ## - SUBJECT ADDED ENTRY--TOPICAL TERM
Topical term or geographic name as entry element কৃষি পঞ্জিকা
942 ## - ADDED ENTRY ELEMENTS (KOHA)
Source of classification or shelving scheme Dewey Decimal Classification
Koha item type Book
Holdings
Withdrawn status Lost status Source of classification or shelving scheme Damaged status Not for loan Collection code Home library Branch Name Shelving location Date acquired Total Checkouts Full call number Barcode Date last seen Price effective from Koha item type
    Dewey Decimal Classification   Not For Loan Reference SAU Library SAU Library Reference 03/11/1985   ৬৩০.২০২ কৃষিপ 229 03/05/2015 03/05/2015 Book